Úloha privatizácie v procese transformácie ekonomiky Slovenskej republiky
Transformácia a privatizácia v krajinách V4. Úloha privatizácie pri transformácii ekonomiky Slovenskej republiky. Prílev zahraničného kapitálu do Slovenskej republiky, špecifiká.
Salvato in:
| Autore principale: | |
|---|---|
| Natura: | Capitolo di libro |
| Lingua: | slovacco |
| Soggetti: | |
| Tags: |
Nessun Tag, puoi essere il primo ad aggiungerne!!
|
MARC
| LEADER | 00000nla a2200000 4500 | ||
|---|---|---|---|
| 001 | 0205970 | ||
| 005 | 20240604103332.8 | ||
| 041 | 0 | |a slo | |
| 044 | |a SK | ||
| 245 | 1 | 0 | |a Úloha privatizácie v procese transformácie ekonomiky Slovenskej republiky |c Ľubomír Darmo |
| 520 | |a Transformácia a privatizácia v krajinách V4. Úloha privatizácie pri transformácii ekonomiky Slovenskej republiky. Prílev zahraničného kapitálu do Slovenskej republiky, špecifiká. | ||
| 610 | 2 | 0 | |a transformácia |
| 610 | 2 | 0 | |a privatizácia |
| 610 | 2 | 0 | |a investície priame zahraničné |
| 610 | 2 | 0 | |a Vyšehradská štvorka |
| 610 | 2 | 0 | |a Slovensko |
| 100 | 1 | |a Darmo, Ľubomír, 1984- | |